000 00729nam a22002177a 4500
003 0
005 20251001160605.0
008 251001b xxu||||| |||| 00| 0 eng d
020 _a978-1-98469-442-3
050 _aHQ 77.9
_b.B76 2025
100 _aBrooks, Nicholas,
_eauthor.
245 _aTransgender youth development /
_cTransgender youth development.
260 _aNew York, NY :
_b3G E-Learning LLC,
_c2025.
300 _axviii, 288 pages :
_bcolored illustrations ;
_c26 cm.
504 _aIncludes bibliographical references and index.
650 _aTransgender youth.
650 _aTransgender youth
_xPsychology.
650 _aIdentity (Psychology) in adolescence.
650 _aYouth development.
942 _2lcc
_cBK
999 _c368178
_d368178